Les résidences des rois de France - Statistiques

Statistiques générales
  • Ce quiz a été pris 75 fois
  • Le résultat moyen est 12 sur 58
Statistiques - réponses
Département Initiale Réponse % Correct
78 V Château de {Versailles}
95%
78 S-G Château de {Saint-Germain}-en-Laye
71%
41 C Château de {Chambord}
69%
75 L Palais/Château du {Louvre}
60%
41 B Château de {Blois}
58%
77 F Château de {Fontainebleau}
57%
37 A Château d'{Amboise}
55%
75 T Palais des {Tuileries}
51%
94 V Château de {Vincennes}
43%
75 R Palais-{Royal}
43%
28 N Château de {Nogent}-le-Rotrou
34%
37 T Château de {Tours}
34%
75 L Palais du {Luxembourg}
31%
18 B Palais ducal de {Bourges}
28%
78 T Grand {Trianon}
26%
60 C Château de {Compiègne}
25%
37 C Château de {Chinon}
23%
37 C Château de {Chinon}
23%
78 R Château de {Rambouillet}
22%
76 R Château de {Rouen}
22%
92 S-C Château de {Saint-Cloud}
22%
92 S-C Château de {Saint-Cloud}
22%
78 V Château de {Marly}
20%
91 E Château d'{Etampes}
18%
76 E Château d'{Eu}
18%
92 M Château de {Meudon}
17%
60 S Château de {Senlis}
15%
37 L Château de {Langeais}
14%
37 L Château de {Loches}
14%
92 N Château de {Neuilly}
14%
45 G Château de {Gien}
12%
77 M Château de {Melun}
12%
91 D Château de {Dourdan}
11%
45 M Château de {Montargis}
11%
75 T Hôtel des {Tournelles}
11%
75 PC {Palais} de la {Cité}
11%
60 C Château de {Creil}
8%
18 M Château de {Mehun}-sur-Yèvre
8%
93 M Château de {Montreuil}
8%
78 P Château de {Poissy}
8%
95 P Château de {Pontoise}
8%
02 V-C Château de {Villers-Cotterêts}
8%
75 S-P Hôtel {Saint-Pol}
8%
37 P Château de {Plessis}-lèz-Tours
6%
78 S-H Château de {Saint-Hubert}
6%
28 C Château de {Châteauneuf}-en-Thymerais
5%
75 M Château de la {Muette}
5%
75 R Château de {Reuilly}
5%
94 C Château de {Choisy}
3%
75 M Château de {Madrid}
3%
78 SL Château de {Saint-Léger}
3%
78 S-G Château {neuf} de {Saint-Germain}-en-Laye
3%
94 B Château de {Beauté}
0%
60 B Château de {Béthisy}-Saint-Pierre
0%
78 S-G Château de {Sainte-Gemme}
0%
75 V Château de {Vauvert}
0%
45 VAL Château de {Vitry-aux-Loges}
0%
91 O Château d'{Ollainville}
0%
Aucun quiz correspondant
Distribution des résultats
% des personnes avec chaque résultat
Percentile par nombre de réponses
Votre historique - résultats
Vous n’avez pas pris ce quiz